000 01301nam a22003737a 4500
001 BR2020000602
003 BR-BrBNA
005 20230928105554.0
007 ta
008 230509b bl.||||| |||| 00| 0 por d
040 _aBR-BrBNA
_bpor
_cBiblioteca Nacional de Agricultura
041 _a(Por)
072 _aL73
090 _ L73 BR2020000602
100 1 _aMelo, F.G.
110 1 _aUniversidade Federal de Minas Gerais, Belo Horizonte (Brasil). Escola de Veterinária
_0Tese (Mestre em Ciência Animal)
245 1 _aUso de culturas de células tronco mesenquimais de ratos como modelo para elucidar a patogênese da metaplasia óssea e das alterações ósseas induzidas pela intoxicação por Solanum glaucophyllum
260 3 _aBelo Horizonte, MG (Brasil):
_c2019.
300 _a78 p.
500 _aBibliography p. 59-66 (110 ref.); Summaries (Eng, Por); 4 tables; 14 illus.
650 _aRATO
650 _aCOBAIA
650 _aCÉLULA ANIMAL
650 _aANIMAL DE LABORATÓRIO
650 _aINTOXICAÇÃO
650 _aPLANTA CALCINOGÊNICA
650 _aMETAPLASIA ÓSSEA
650 _aSOLANUM GLAUCOPHYLLUM
650 _aCALCINOSE
650 _aMEDULA ÓSSEA
650 _aEXPERIÊNCIA DE LABORATÓRIO
909 _a202309
_bLucia
_c55
_dLucia Elande
942 _cBK
999 _c85694
_d85694